Detalles MARC
| 000 -CABECERA |
| campo de control de longitud fija |
01068nam a2200241 a 4500 |
| 001 - NÚMERO DE CONTROL |
| campo de control |
000032427 |
| 005 - FECHA Y HORA DE LA ÚLTIMA TRANSACCIÓN |
| campo de control |
20250228154533.0 |
| 008 - DATOS DE LONGITUD FIJA--INFORMACIÓN GENERAL |
| campo de control de longitud fija |
110718s1973 dr a 000 0 spa d |
| 040 ## - FUENTE DE LA CATALOGACIÓN |
| Centro catalogador/agencia de origen |
DO-SdBNP |
| Lengua de catalogación |
spa |
| Centro/agencia transcriptor |
BNPHU |
| 082 ## - NÚMERO DE LA CLASIFICACIÓN DECIMAL DEWEY |
| Número de clasificación |
784.2 |
| Número de documento/Ítem |
L961p |
| 100 1# - ENTRADA PRINCIPAL--NOMBRE DE PERSONA |
| Nombre de persona |
Luna, Margarita |
| 9 (RLIN) |
58386 |
| 245 10 - MENCIÓN DE TÍTULO |
| Título |
Por el mundo de la orquesta / |
| Mención de responsabilidad, etc. |
Margarita Luna de Espaillat. |
| 260 ## - PUBLICACIÓN, DISTRIBUCIÓN, ETC. |
| Lugar de publicación, distribución, etc. |
Santo Domingo : |
| Nombre del editor, distribuidor, etc. |
Cultural Dominicana, |
| Fecha de publicación, distribución, etc. |
1973. |
| 300 ## - DESCRIPCIÓN FÍSICA |
| Extensión |
243 p. : |
| Otras características físicas |
il., gráfcs., retrs. ; |
| Dimensiones |
23 cm. |
| 500 ## - NOTA GENERAL |
| Nota general |
Incluye glosario de términos musicales. |
| 504 ## - NOTA DE BIBLIOGRAFÍA, ETC. |
| Nota de bibliografía, etc. |
Incluye bibliografía. |
| 505 0# - NOTA DE CONTENIDO CON FORMATO |
| Título |
Antecedentes históricos de los instrumentos musicales -- |
| -- |
La orquesta sinfónica y su organización -- |
| -- |
Antecedentes históricos de los instrumentos de la orquesta -- |
| -- |
Instrumentos y conjuntos instrumentales en la República Dominicana. |
| 590 ## - NOTA LOCAL (RLIN) |
| Nota local |
Inventariado, 2018/LP |
| 650 #4 - PUNTO DE ACCESO ADICIONAL DE MATERIA--TÉRMINO DE MATERIA |
| Término de materia o nombre geográfico como elemento de entrada |
Música orquestal |
| 9 (RLIN) |
58387 |
| 650 #4 - PUNTO DE ACCESO ADICIONAL DE MATERIA--TÉRMINO DE MATERIA |
| Término de materia o nombre geográfico como elemento de entrada |
Instrumentos musicales |
| Subdivisión general |
Historia y crítica |
| 9 (RLIN) |
58388 |
| 650 #4 - PUNTO DE ACCESO ADICIONAL DE MATERIA--TÉRMINO DE MATERIA |
| Término de materia o nombre geográfico como elemento de entrada |
Música dominicana |
| Subdivisión general |
Historia y crítica |
| 9 (RLIN) |
58389 |
| 910 ## - DATOS DE OPCIÓN DEL USUARIO (OCLC) |
| Datos de opción del usuario |
Validado. Control de calidad EMS. |